000 00707cam a2200253u 4500
001 26382
003 BD-RjUL
005 20211209051017.0
008 140322s1954 cc c 000 0 eng
035 _a(BD-RjUL)26452
040 _aDLC
_cCarP
_dDLC
_beng
041 _aeng
082 _a895.13
_bLUS 1954
100 1 _aLu, Hsun,
_d1881-1936.
_981118
245 1 0 _aSelected stories of Lu Hsun /
_cLu Hsun
250 _a[1st ed.]
260 _aPeking :
_bForeign Languages Press,
_c1954.
300 _a251 p. :
_bport. ;
_c22 cm.
651 0 _aChina
_xSocial life and customs
_vFiction.
_967452
942 _2ddc
_cBK
987 _aPINYIN
_bDLC
_c20021009
_dc
999 _c26382
_d26382